Elements of power system analysis (Record no. 3209)

000 -LEADER
fixed length control field 00596nam a2200217 a 4500
001 - CONTROL NUMBER
control field 3209
003 - CONTROL NUMBER IDENTIFIER
control field BD-DhUET
008 - FIXED-LENGTH DATA ELEMENTS--GENERAL INFORMATION
fixed length control field 810331s1982 nyua 001 0 eng
020 ## - INTERNATIONAL STANDARD BOOK NUMBER
International Standard Book Number 0070612781
020 ## - INTERNATIONAL STANDARD BOOK NUMBER
International Standard Book Number 007061279X
040 ## - CATALOGING SOURCE
Original cataloging agency DLC
Transcribing agency DLC
Modifying agency BD-DhUET
082 00 - DEWEY DECIMAL CLASSIFICATION NUMBER
Classification number 623.12
Item number STE/1982
100 1# - MAIN ENTRY--PERSONAL NAME
Personal name Stevenson, William D.
245 10 - TITLE STATEMENT
Title Elements of power system analysis
250 ## - EDITION STATEMENT
Edition statement 4th ed.
260 ## - PUBLICATION, DISTRIBUTION, ETC. (IMPRINT)
Place of publication, distribution, etc. New York
Name of publisher, distributor, etc. McGraw-Hill
Date of publication, distribution, etc. 1982
300 ## - PHYSICAL DESCRIPTION
Extent xii, 436 p.
Other physical details ill.
Dimensions 25 cm.
490 ## - SERIES STATEMENT
Series statement McGRAW-HILL series in electrical engineering
650 #0 - SUBJECT ADDED ENTRY--TOPICAL TERM
Topical term or geographic name as entry element Electric power system stability
942 ## - ADDED ENTRY ELEMENTS (KOHA)
Koha item type General Book
Holdings
Piece designation (barcode) Koha normalized classification for sorting Withdrawn status Koha date last borrowed Source of classification or shelving scheme Date acquired Not for loan Shelving location Price effective from Koha date last seen Koha renewals Copy number Damaged status Lost status Koha issues (times borrowed) Koha item type Sublocation or collection (holding branch) Koha full call number Location (home branch)
110313623_120000000000000_STE_1982 2021-09-27 2014-10-22 Circulation section2014-10-222021-09-27 1  52General BookCentral Library, BUET623.12/STE/1982Central Library, BUET
69178623_120000000000000_STE_1982   2015-02-10 Circulation section2015-02-102015-02-10 2   General BookCentral Library, BUET623.12/STE/1982Central Library, BUET
78208 623_120000000000000_STE_1982 2021-08-31 2015-02-11 Circulation section2015-02-112021-08-3123  22General BookCentral Library, BUET623.12/STE/1982Central Library, BUET
67386623_120000000000000_STE_1982   2015-06-24 Reading section2015-06-242015-06-24 4   Reading ItemCentral Library, BUET623.12/STE/1982Central Library, BUET
67384623_120000000000000_STE_1982   2015-06-24 Reading section2015-06-242015-06-24 5   Reading ItemCentral Library, BUET623.12/STE/1982Central Library, BUET
67385623_120000000000000_STE_1982   2015-06-24 Reading section2015-06-242015-06-24 6   Reading ItemCentral Library, BUET623.12/STE/1982Central Library, BUET
63905623_120000000000000_STE_1982   2015-06-24 Reading section2015-06-242015-06-24 7   Reading ItemCentral Library, BUET623.12/STE/1982Central Library, BUET
63906623_120000000000000_STE_1982   2015-06-25 Reading section2015-06-252015-06-25 8   Reading ItemCentral Library, BUET623.12/STE/1982Central Library, BUET
63907623_120000000000000_STE_1982   2015-06-25 Reading section2015-06-252015-06-25 9   Reading ItemCentral Library, BUET623.12/STE/1982Central Library, BUET
63908623_120000000000000_STE_1982   2015-06-28 Reading section2015-06-282015-06-28 10   Reading ItemCentral Library, BUET623.12/STE/1982Central Library, BUET